Quản lý hệ thống máy tính

Spremljeno u:
Bibliografski detalji
Glavni autor: Nguyễn, Vũ Quốc Hùng
Format: Knjiga
Jezik:Undetermined
Izdano: H. ĐHSP 2005
Teme:
Online pristup:http://lrc.tdmu.edu.vn/opac/search/detail.asp?aID=2&ID=5475
Oznake: Dodaj oznaku
Bez oznaka, Budi prvi tko označuje ovaj zapis!
Thư viện lưu trữ: Trung tâm Học liệu Trường Đại học Thủ Dầu Một
LEADER 00612nam a2200193Ia 4500
001 TDMU_5475
008 210410s9999 xx 000 0 und d
082 |a 004.6 
090 |b NG525 
100 |a Nguyễn, Vũ Quốc Hùng 
245 0 |a Quản lý hệ thống máy tính 
245 0 |c Nguyễn Vũ Quốc Hùng 
260 |a H. 
260 |b ĐHSP 
260 |c 2005 
300 |a 228tr. 
650 |a Hệ thống máy tính  |x Quản lí  
856 |u http://lrc.tdmu.edu.vn/opac/search/detail.asp?aID=2&ID=5475 
980 |a Trung tâm Học liệu Trường Đại học Thủ Dầu Một